[Event "Novi Sad TS 222nd"]
[Site "Novi Sad"]
[Date "2021.11.21"]
[Round "10.1"]
[White "Shivika, Rohilla"]
[Black "Vujevic, Tomislav"]
[Result "1-0"]
[WhiteElo "2011"]
[BlackElo "1888"]
[PlyCount "71"]
[EventDate "2021.11.16"]
[EventType "schev"]
[EventRounds "10"]
[EventCountry "SRB"]
[SourceTitle "EXT 2023"]
[Source "ChessBase"]
[SourceDate "2022.10.05"]
[SourceVersion "1"]
[SourceVersionDate "2022.10.05"]
[SourceQuality "1"]
[WhiteTeam "Team B"]
[BlackTeam "Team A"]
[WhiteTeamCountry "SRB"]
[BlackTeamCountry "SRB"]

1. d4 d5 2. c4 c6 3. Nc3 Nf6 4. e3 a6 5. Nf3 Bf5 6. cxd5 cxd5 7. Qb3 Ra7 8. Nh4 Bc8 9. Bd3 Nc6 10. 0-0 e5 11. dxe5 Nxe5 12. Be2 Bc5 13. Nf3 Nc6 14. Rd1 Be6 15. Nd4 Qb6 16. Qc2 Nxd4 17. exd4 Bd6 18. Bg5 Qc7 19. Bxf6 gxf6 20. g3 h5 21. Bf3 h4 22. Rac1 hxg3 23. fxg3 Bxg3 24. hxg3 Rh3 25. Ne2 Rxg3+ 26. Nxg3 Qxg3+ 27. Qg2 Qf4 28. Re1 Ra8 29. Rcd1 Ke7 30. Bxd5 Rh8 31. Bxe6 fxe6 32. d5 Rh4 33. Qg7+ Kd8 34. dxe6+ Kc8 35. Qd7+ Kb8 36. Qd6+ 1-0

[Event "Novi Sad TS 222nd"]
[Site "Novi Sad"]
[Date "2021.11.17"]
[Round "2.1"]
[White "Hansen, Robert J"]
[Black "Vujevic, Tomislav"]
[Result "0-1"]
[WhiteElo "1515"]
[BlackElo "1888"]
[PlyCount "46"]
[EventDate "2021.11.16"]
[EventType "schev"]
[EventRounds "10"]
[EventCountry "SRB"]
[SourceTitle "EXT 2023"]
[Source "ChessBase"]
[SourceDate "2022.10.05"]
[SourceVersion "1"]
[SourceVersionDate "2022.10.05"]
[SourceQuality "1"]
[WhiteTeam "Team B"]
[BlackTeam "Team A"]
[WhiteTeamCountry "SRB"]
[BlackTeamCountry "SRB"]

1. g3 e5 2. Bg2 d5 3. Nf3 e4 4. Nd4 c5 5. Nb3 Nc6 6. d3 f5 7. 0-0 Be7 8. Be3 d4 9. Bc1 Nf6 10. c3 0-0 11. cxd4 cxd4 12. dxe4 fxe4 13. e3 Bg4 14. Qc2 d3 15. Qc4+ Kh8 16. N3d2 Ne5 17. Qa4 Be2 18. Nxe4 Bxf1 19. Kxf1 Rc8 20. Nbd2 Nfg4 21. Kg1 Qb6 22. h3 Nxf2 23. Nxf2 Qxe3 0-1

[Event "Novi Sad TS 221st"]
[Site "Novi Sad"]
[Date "2021.11.08"]
[Round "8.1"]
[White "Joshua, AP."]
[Black "Vujevic, Tomislav"]
[Result "1-0"]
[WhiteElo "2074"]
[BlackElo "1888"]
[PlyCount "54"]
[EventDate "2021.11.02"]
[EventType "schev"]
[EventRounds "9"]
[EventCountry "SRB"]
[SourceTitle "CBM 205 Extra"]
[Source "ChessBase"]
[SourceDate "2022.01.31"]
[SourceVersion "1"]
[SourceVersionDate "2022.01.31"]
[SourceQuality "1"]
[WhiteTeam "Team B"]
[BlackTeam "Team A"]
[WhiteTeamCountry "SRB"]
[BlackTeamCountry "SRB"]

1. Nf3 Nf6 2. g3 d5 3. Bg2 Bf5 4. c4 c6 5. 0-0 e6 6. d3 h6 7. Qb3 Qb6 8. Nc3 Nbd7 9. cxd5 Qxb3 10. axb3 exd5 11. e4 dxe4 12. dxe4 Bh7 13. e5 Ne4 14. Re1 Nec5 15. Nd4 Ne6 16. Nxe6 fxe6 17. Ne4 Nb6 18. Be3 Nc8 19. Nc5 Bxc5 20. Bxc5 Kd7 21. b4 Nb6 22. b5 Nd5 23. bxc6+ bxc6 24. Bxa7 Bf5 25. Ra3 Kc7 26. Rea1 Kb7 27. Rb3+ Kc7 1-0

[Event "Novi Sad Putnik Schev"]
[Site "Novi Sad"]
[Date "2021.07.18"]
[Round "1"]
[White "Vujevic, Tomislav"]
[Black "Kolagatla, Alana Meenakshi"]
[Result "1-0"]
[WhiteElo "2011"]
[BlackElo "1120"]
[PlyCount "101"]
[EventDate "2021.07.18"]
[EventType "schev"]
[EventRounds "7"]
[EventCountry "SRB"]
[SourceTitle "EXT 2022"]
[Source "ChessBase"]
[SourceDate "2021.10.06"]
[SourceVersion "1"]
[SourceVersionDate "2021.10.06"]
[SourceQuality "1"]
[WhiteTeam "Theam A"]
[BlackTeam "Theam B"]
[WhiteTeamCountry "SRB"]
[BlackTeamCountry "SRB"]

1. d4 Nf6 2. Bf4 e6 3. e3 b6 4. Be2 Bb7 5. Bf3 Nc6 6. c4 Be7 7. Nc3 0-0 8. a3 d5 9. cxd5 Nxd5 10. Nxd5 exd5 11. Rc1 Re8 12. Ne2 Bg5 13. Bg3 Bh4 14. b4 Bxg3 15. hxg3 a5 16. b5 Na7 17. Qd3 h6 18. Rh5 Qd7 19. Rb1 Nc8 20. Nf4 Ne7 21. g4 Qd6 22. Ne2 Ng6 23. g5 hxg5 24. Rxg5 Rad8 25. Kd2 Qe7 26. Rh5 Qf6 27. Rbh1 c5 28. Rf5 Qe7 29. Bh5 c4 30. Qc3 Qd7 31. Bxg6 fxg6 32. Rg5 Qxb5 33. Nf4 Qb3 34. Nxg6 Qa2+ 35. Kc1 Qxf2 36. Ne5 Re6 37. Rgh5 Kf8 38. Rg5 Rh6 39. Rd1 b5 40. Ng4 Qxg2 41. Rf5+ Kg8 42. Nxh6+ gxh6 43. Rff1 Qe4 44. Rf4 Qe7 45. Rg1+ Kh7 46. Qc2+ Kh8 47. Kb2 Re8 48. Rg3 b4 49. Qg6 c3+ 50. Kc1 Qh7 51. Qf6+ 1-0

[Event "Novi Sad-Turkey GpB"]
[Site "Novi Sad"]
[Date "2018.08.14"]
[Round "10"]
[White "Ozata, Doruk"]
[Black "Vujevic, Tomislav"]
[Result "0-1"]
[WhiteElo "1688"]
[BlackElo "1969"]
[PlyCount "118"]
[EventDate "2018.08.07"]
[EventType "schev"]
[EventRounds "10"]
[EventCountry "SRB"]
[SourceTitle "CBM 186 Extra"]
[Source "ChessBase"]
[SourceDate "2018.08.24"]
[SourceVersion "1"]
[SourceVersionDate "2018.08.24"]
[SourceQuality "1"]

1. e4 d6 2. d4 Nf6 3. Nc3 Nbd7 4. Nf3 g6 5. Bc4 e6 6. a4 Nxe4 7. Nxe4 d5 8. Qe2 dxc4 9. Qxc4 Nb6 10. Qe2 h6 11. Bf4 Bg7 12. Be5 0-0 13. 0-0 Nd7 14. Bxg7 Kxg7 15. a5 Nf6 16. Nxf6 Qxf6 17. Qe5 Qxe5 18. Nxe5 f6 19. Nf3 Bd7 20. c4 Bc6 21. Ra3 Rad8 22. Rd1 Rd6 23. Ne1 Rfd8 24. Rad3 Be4 25. R3d2 c5 26. f3 Bc6 27. Nc2 Ba4 28. d5 Bb3 29. Re1 Bxc4 30. Ne3 Bb3 31. Rd3 c4 32. Rd4 exd5 33. Re2 Kf7 34. Kf2 Ba4 35. Red2 Ke6 36. Re2 Kd7 37. Rxd5 Rxd5 38. Nxd5 Rf8 39. Rd2 Kc6 40. Nc3 Bb3 41. Ne4 f5 42. Nc3 Re8 43. Ne2 Re5 44. Rd8 Rxa5 45. Rg8 Ra2 46. Rxg6+ Kc7 47. Rxh6 Rxb2 48. Ke3 a5 49. g4 fxg4 50. fxg4 Bd1 51. Nc3 Bxg4 52. Rh4 Be6 53. Rh5 b6 54. Rb5 Rxh2 55. Re5 Bd7 56. Kd4 Rh4+ 57. Ke3 a4 58. Rd5 a3 59. Rd2 b5 0-1

[Event "Novi Sad-Turkey GpB"]
[Site "Novi Sad"]
[Date "2018.08.12"]
[Round "8"]
[White "Keskin, Elif"]
[Black "Vujevic, Tomislav"]
[Result "1/2-1/2"]
[WhiteElo "1775"]
[BlackElo "1969"]
[PlyCount "42"]
[EventDate "2018.08.07"]
[EventType "schev"]
[EventRounds "10"]
[EventCountry "SRB"]
[SourceTitle "CBM 186 Extra"]
[Source "ChessBase"]
[SourceDate "2018.08.24"]
[SourceVersion "1"]
[SourceVersionDate "2018.08.24"]
[SourceQuality "1"]

1. d4 Nf6 2. c4 c6 3. Nf3 d5 4. Nc3 a6 5. Ne5 Nbd7 6. Bf4 Nxe5 7. Bxe5 e6 8. e3 Bd6 9. Bxd6 Qxd6 10. Bd3 e5 11. dxe5 Qxe5 12. cxd5 Nxd5 13. Nxd5 Qxd5 14. 0-0 Be6 15. Qc2 Rd8 16. Rfd1 Qe5 17. Be4 Rxd1+ 18. Rxd1 f5 19. Bd3 Ke7 20. Bc4 Rd8 21. Rxd8 Kxd8 1/2-1/2

[Event "Novi Sad-Turkey GpB"]
[Site "Novi Sad"]
[Date "2018.08.08"]
[Round "2"]
[White "Saglam, Emrah Sitki"]
[Black "Vujevic, Tomislav"]
[Result "0-1"]
[WhiteElo "1578"]
[BlackElo "1969"]
[PlyCount "120"]
[EventDate "2018.08.07"]
[EventType "schev"]
[EventRounds "10"]
[EventCountry "SRB"]
[SourceTitle "CBM 186 Extra"]
[Source "ChessBase"]
[SourceDate "2018.08.24"]
[SourceVersion "1"]
[SourceVersionDate "2018.08.24"]
[SourceQuality "1"]

1. d4 d6 2. c4 Nf6 3. Nc3 c5 4. dxc5 dxc5 5. Qxd8+ Kxd8 6. Bf4 a6 7. 0-0-0+ Ke8 8. Bc7 Nbd7 9. g3 e6 10. h3 Ra7 11. Bf4 b6 12. Bg2 h5 13. Bc6 Bb7 14. Bf3 Be7 15. e4 Ng8 16. Bg2 Bf6 17. Nge2 Ne5 18. b3 Ne7 19. Rd2 Bc6 20. Be3 Rd7 21. Rhd1 Nc8 22. f4 Rxd2 23. Rxd2 Nd7 24. Kc2 Bd8 25. Ng1 f6 26. Nf3 Bc7 27. Nh4 Ne7 28. Nf3 Kf7 29. Nh4 Rg8 30. Bf3 g6 31. f5 Bxg3 32. fxg6+ Kg7 33. Bf2 Bxf2 34. Rxf2 Ne5 35. Bd1 Rd8 36. Be2 Rh8 37. Rg2 N7xg6 38. Nf3 Kf7 39. Rf2 Nxf3 40. Bxf3 Ne5 41. Be2 h4 42. Rf4 Ng6 43. Rf2 Ke7 44. Kd2 Ne5 45. Ke3 Rg8 46. Bg4 Nxg4+ 47. hxg4 Rxg4 48. Rh2 Kd6 49. Rd2+ Ke5 50. Rh2 b5 51. cxb5 axb5 52. a4 b4 53. Ne2 Bxe4 54. a5 f5 55. a6 f4+ 56. Kd2 f3 57. Ng3 hxg3 58. Rh5+ Kd4 59. a7 g2 60. Rh8 g1Q 0-1

[Event "Vojvodina-ch 7th"]
[Site "Novi Sad"]
[Date "2016.07.17"]
[Round "4"]
[White "Cengija, Vanja"]
[Black "Vujevic, Tomislav"]
[Result "1-0"]
[WhiteElo "2252"]
[BlackElo "2023"]
[PlyCount "155"]
[EventDate "2016.07.15"]
[EventType "swiss"]
[EventRounds "9"]
[EventCountry "YUG"]
[SourceTitle "CBM 173 Extra"]
[Source "ChessBase"]
[SourceDate "2016.08.29"]
[SourceVersion "1"]
[SourceVersionDate "2016.08.29"]
[SourceQuality "1"]

1. d4 d5 2. c4 c6 3. Nf3 Nf6 4. Nc3 a6 5. e3 Bf5 6. Be2 h6 7. Qb3 Ra7 8. 0-0 e6 9. Bd2 Bd6 10. a3 Nbd7 11. cxd5 exd5 12. Na2 a5 13. Rfc1 0-0 14. Qd1 Ne4 15. Be1 Qe7 16. Nc3 Ndf6 17. Nb1 Re8 18. Nbd2 Ng4 19. Nf1 Raa8 20. N3d2 Nxd2 21. Qxd2 Nf6 22. f3 Nd7 23. Bg3 Bxg3 24. hxg3 Qg5 25. g4 Bg6 26. Qe1 f5 27. f4 Qf6 28. Qg3 fxg4 29. Bxg4 Bf5 30. Qh3 Bxg4 31. Qxg4 Nb6 32. Rc3 Nc4 33. b3 Nd6 34. a4 Ne4 35. Rd3 Re7 36. Nh2 Qe6 37. Rc1 Qxg4 38. Nxg4 Kf7 39. Ne5+ Ke6 40. g4 h5 41. gxh5 Nf6 42. Kg2 Nxh5 43. Rh1 Nf6 44. Kf3 Ree8 45. Rdd1 Rh8 46. Rdg1 Rxh1 47. Rxh1 Ra6 48. Rg1 Ne8 49. Nd3 Kf7 50. f5 Nd6 51. Ne5+ Kf8 52. Kf4 Ne4 53. Rh1 Ke7 54. Rg1 Kf8 55. Rg6 Nf6 56. Nd3 Kf7 57. Nc5 Rb6 58. Ke5 Rb4 59. Ne6 Ne8 60. e4 dxe4 61. Rg3 e3 62. Rxe3 Nf6 63. Rg3 Ne8 64. Rf3 Nf6 65. Kd6 Ne4+ 66. Ke5 Nf6 67. Rg3 Ne8 68. Rh3 Kg8 69. Nf4 Kf7 70. Ng6 Nf6 71. Rd3 Nd5 72. Rh3 Nf6 73. Rd3 Nd5 74. Nh4 Nf6 75. Nf3 Nd5 76. Ng5+ Ke7 77. Ne6 Kf7 78. Rg3 1-0

[Event "Vojvodina-ch 6th"]
[Site "Novi Sad"]
[Date "2015.07.25"]
[Round "2"]
[White "Ovchinnikov, Vsevolod"]
[Black "Vujevic, Tomislav"]
[Result "1-0"]
[WhiteElo "2231"]
[BlackElo "2067"]
[PlyCount "105"]
[EventDate "2015.07.25"]
[EventType "swiss"]
[EventRounds "9"]
[EventCountry "YUG"]
[SourceTitle "CBM 167 Extra"]
[Source "ChessBase"]
[SourceDate "2015.09.14"]
[SourceVersion "1"]
[SourceVersionDate "2015.09.14"]
[SourceQuality "1"]

1. d4 d5 2. c4 c6 3. Nf3 Nf6 4. Nc3 a6 5. e3 Bf5 6. Bd3 Bxd3 7. Qxd3 e6 8. 0-0 Bd6 9. e4 dxe4 10. Nxe4 Nxe4 11. Qxe4 Nd7 12. b3 Nf6 13. Qc2 0-0 14. Bb2 Qe7 15. Rad1 Ba3 16. Ba1 Bb4 17. Rd3 Rfd8 18. Rfd1 Bd6 19. Re3 Bf4 20. Re2 Rac8 21. g3 Bb8 22. Bc3 Bd6 23. Kg2 Bb4 24. Bb2 Ba3 25. Ba1 Bd6 26. Re3 Qf8 27. Qb1 Be7 28. Rde1 Bb4 29. R1e2 Be7 30. h3 Bd6 31. d5 cxd5 32. Bxf6 gxf6 33. cxd5 Bc5 34. Rd3 exd5 35. Qd1 Qd6 36. Nd4 Bxd4 37. Rxd4 Rd7 38. Red2 Rcd8 39. Qh5 Qe5 40. Rg4+ Kh8 41. Qh6 f5 42. Re2 Qc3 43. Rg5 f4 44. Ree5 f3+ 45. Kh2 Qxe5 46. Rxe5 Rd6 47. Qf4 Kg7 48. Re7 Rf6 49. Qg5+ Rg6 50. Qe3 Rf6 51. g4 h6 52. h4 Kg6 53. h5+ 1-0